|
|
|
|
| LEADER |
01770nam a2200433 a 4500 |
| 001 |
001137967 |
| 003 |
CZ BrMZK |
| 005 |
20110404110630.0 |
| 007 |
ta |
| 008 |
110207s1996 au gh g 000 d ger |
| 020 |
|
|
|a 3-216-30334-9
|q (váz.)
|
| 040 |
|
|
|a BOA001
|b cze
|
| 045 |
|
|
|a w0w6
|
| 072 |
|
7 |
|a 821.112.2-2
|x Německé drama, německy psané
|2 Konspekt
|9 25
|
| 080 |
|
|
|a 821.112.2(436)-2
|2 MRF
|
| 080 |
|
|
|a 82.09
|2 MRF
|
| 080 |
|
|
|a (0:82-2)
|2 MRF
|
| 080 |
|
|
|a (081.1)
|2 MRF
|
| 100 |
1 |
|
|a Nestroy, Johann,
|d 1801-1862
|7 jn20000604160
|4 aut
|
| 245 |
1 |
0 |
|a Stücke.
|n 11,
|p Die beiden Nachtwandler, oder, Das Notwendige und das Überflüssige.
|p Der Affe und der Bräutigam /
|c Johann Nestroy ; herausgegeben von Jürgen Hein
|
| 246 |
3 |
0 |
|a Beiden Nachtwandler, oder, Das Notwendige und das Überflüssige
|
| 246 |
3 |
0 |
|a Notwendige und das Überflüssige
|
| 246 |
3 |
0 |
|a Affe und der Bräutigam
|
| 260 |
|
|
|a Wien :
|b Deuticke,
|c c1996
|
| 300 |
|
|
|a xvi, 447 s. :
|b noty, faksim. ;
|c 20 cm
|
| 490 |
1 |
|
|a Sämtliche Werke : historisch-kritische Ausgabe
|
| 504 |
|
|
|a Obsahuje bibliografii a bibliografické odkazy
|
| 600 |
1 |
7 |
|a Nestroy, Johann,
|d 1801-1862
|7 jn20000604160
|2 czenas
|
| 648 |
|
7 |
|a 19. století
|7 ch460557
|2 czenas
|
| 650 |
0 |
7 |
|a rakouské drama
|7 ph125015
|y 19. stol.
|2 czenas
|
| 650 |
0 |
7 |
|a literárněvědné rozbory
|7 ph138745
|2 czenas
|
| 655 |
|
7 |
|a rakouská dramata
|7 fd133217
|2 czenas
|
| 655 |
|
7 |
|a sebrané spisy
|7 fd133355
|2 czenas
|
| 700 |
1 |
|
|a Hein, Jürgen,
|d 1942-
|7 pna2007418394
|4 edt
|
| 800 |
1 |
|
|a Nestroy, Johann,
|d 1801-1862.
|t Sämtliche Werke
|
| 910 |
2 |
|
|a BOA001
|b RK-0000.869,11
|
| 990 |
|
|
|a BK
|
| 991 |
|
|
|b 201103
|e b
|x 33
|
| 996 |
7 |
|
|b 261A006865
|c RK-0000.869,11
|l Rakouská knihovna/2.patro
|r ZHR
|n 0
|p dar
|h DR-nes
|w 001168668
|u 000010
|a 0
|e BOA001
|j MZK50
|s A
|